000 01088nam a22003377a 4500
001 BR7906503
003 BR-BrBNA
005 20230928090206.0
007 ta
008 230509b bl.||||| |||| 00| 0 por d
040 _aBR-BrBNA
_bpor
_cBiblioteca Nacional de Agricultura
041 _a(Por)
072 _aF00; E70
_b0336
_b3575
_b/G514
090 _ 0336 BR7906503
100 1 _aRamos, N.R.V.
110 1 _aUniversidade Federal de Pelotas, RS (Brasil)
_0Tese (Mestre)
_910876
245 1 _aAvaliacao da qualidade de semente e fiscalizada de soja (Glycine max (L.)Merrill)produzida no Rio Grande do Sul [Safra; Emergencia; Germinacao; Teste de vigor; Controle de qualidade; Brasil]
260 3 _aPelotas, RS (Brasil):
_c1979.
300 _a73 p.
500 _a15 tables; 41 ref.; Summaries (Eng, Por)
650 _aSOJA
650 _aSEMENTE
650 _aSAFRA
650 _aEMERGENCIA
650 _aGERMINACAO
650 _aTESTE DE VIGOR
650 _aCONTROLE DE QUALIDADE
650 _aRIO GRANDE DO SUL
909 _a202309
_bLucia
_c55
_dLucia Elande
942 _cBK
999 _c28030
_d28030